00665nam a2200181 a 4500008004100000050001400041100001900055245003400074246002800108260003700136300002100173350000900194650001500203650002500218995009300243999001700336952013000353080109s1974 ||||||||||||||||| || u aHD 31 Pai aPaine, Frank T10aStrategy and policy formation aan integrative approach aPhiladelphiabW.B. Sondersc1974 axi, 296p. : ill. a0.00 0aMANAGEMENT aSTRATEGIC MANAGEMENT D0.00FCBU-MAIN LIBRARY (Kitwe)H1I0.00M1UDAMAGEDZMain Library Open Access Collection c58581d58581 00102lcc4070a001b001cMain Library Open Access Collectiond2022-11-30l0oHD 31 Paip003385r2022-11-30w2022-11-30y002